000 01266cam a22003854i 4500
003 PE-LiUPU
005 20250731184057.0
008 150623s r 000 0 d
020 _a0582527112
035 _a(Sirsi) i9780582527119
040 _aPE-LiUPU
_bspa
_cPE-LiUPU
_erda
049 _aPRUA
082 0 4 _a828.35
_bM1
_221
100 1 _aShakespeare, William,
_eautor.
245 1 0 _aMacbeth /
_cWilliam Shakespeare.
264 1 _aSingapore :
_bSelector Printing,
_c1982.
300 _a253 páginas ;
_c18 centímetros
336 _atext
_2rdacontent
337 _aunmediated
_2rdamedia
338 _avolume
_2rdacarrier
490 0 _aNew Swan Shakespeare
505 0 _aMacbeth.
526 _aP145
526 _aP127
526 _aP97
526 _aP14
526 _aP07
650 0 4 _aTeatro inglés
_ySiglo XVII.
942 _2ddc
_cBOOK
949 _a828.35 M1
_wDEWEY
_c1
_i43981
_lCCODEBUL1
_mBUL
_r0
_sY
_tBOOK
_u2015-6-24
_xEDUCACION
_zUNKNOWN
_0COMPRA
_o.STAFF. Colección General
994 _aC0
_bPEPRU
596 _a1
999 _a828.35 M1
_wDEWEY
_c20857
_i43981
_d20857
_f2021-11-5
_g5
_lCCODEBUL1
_mBUL
_q1
_r0
_sY
_tBOOK
_u2015-6-24
_xBIBLIOTECA
_zUNKNOWN
_0COMPRA
_o.STAFF. Colección General
980 _81
_gALBERTO SANCHEZ Responsable de Automatización